The Marias Charting Songs (Billboard Hot Rock) - Statistics

General Stats
  • This quiz has been taken 25 times
    10 since last reset
  • The average score is 4 of 8
Answer Stats
Album Weeks On Peak Artist(s) Song % Correct
Submarine 52 Weeks #4 The Marias No One Noticed
100%
Submarine 37 Weeks #8 The Marias Sienna
100%
Submarine 12 Weeks #44 The Marias Lejos de Ti
56%
Non-Album Single 20 Weeks #13 The Marias Back To Me
33%
Cinema 4 Weeks #37 The Marias Hush
33%
Non-Album Single 6 Weeks #16 beabadoobee ft. The Marias All I Did Was Dream Of You
22%
Non-Album Single 20 Weeks #18 The Marias Nobody New
22%
Submarine 3 Weeks #49 The Marias Run Your Mouth
22%
No matching quizzes found
Score Distribution
Percent of People with Each Score
Percentile by Number Answered
Your Score History
You have not taken this quiz since the last reset